Guide national des artistes lyriques, dramatiques, cinematographiques, peintres et sculpteurs / (Record no. 76808)

MARC details
000 -LEADER
campo de control de longitud fija 00473nam a2200145 i 4500
001 - NÚMERO DE CONTROL
campo de control 76808
003 - IDENTIFICADOR DE NÚMERO DE CONTROL
campo de control ES-MaACL
007 - CAMPO FIJO DE DESCRIPCIÓN FÍSICA--INFORMACIÓN GENERAL
campo de control de longitud fija t|
008 - DATOS DE LONGITUD FIJA--INFORMACIÓN GENERAL
campo de control de longitud fija 041005s1929 fr ||||1| fre d
245 00 - MENCIÓN DEL TÍTULO
Título Guide national des artistes lyriques, dramatiques, cinematographiques, peintres et sculpteurs /
Mención de responsabilidad, etc. preface de Paul Gregorio.
260 ## - PUBLICACIÓN, DISTRIBUCIÓN, ETC.
Lugar de publicación, distribución, etc. Paris :
Nombre del editor, distribuidor, etc. [s.n.,
Fecha de publicación, distribución, etc. 1929] (
Lugar de fabricación/manufactura Corbeil :
Fabricante Crété)
300 ## - DESCRIPCIÓN FÍSICA
Extensión 384 p. ;
Dimensiones 28 cm.
700 1# - ENTRADA AGREGADA--NOMBRE PERSONAL
Nombre de persona Gregorio, Paul.
9 (RLIN) 59901
852 ## - LOCALIZACIÓN
Ubicación ES-MaACL
Número de control de estantería B-4968
Holdings
Estatus retirado Estado de pérdida Estado de daño No para préstamo Biblioteca de origen Biblioteca actual Ubicación en estantería Fecha de adquisición Fuente de adquisición Total de préstamos Signatura topográfica completa Código de barras Visto por última vez Precio de reemplazo Tipo de ítem Koha
        Biblioteca del Ateneo de Madrid Biblioteca del Ateneo de Madrid Sala Pardo Bazán 17/01/2008     B-4968 1080367 23/02/2023 23/02/2023 Libro impreso